La perfecta casada

Uloženo v:
Podrobná bibliografie
Hlavní autor: León, Fray Luis de (Autor)
Médium: Kniha
Jazyk:španělština
Vydáno: Barcelona Molino 1940
Edice:Colección Literatura Clásica
Témata:
Tagy: Přidat tag
Žádné tagy, Buďte první, kdo vytvoří štítek k tomuto záznamu!

MARC

LEADER 00000nam a2200000 a 4500
001 UCQ7383
003 CL-VaPUC
008 981107e19400000SP |||||||||||||||||spa|d
082 0 4 |a 860  |b LEO  |2 21 
100 0 |a León, Fray Luis de  |e author  |9 255943 
245 1 3 |a La perfecta casada 
246 1 0 |a Poesías 
300 |a 196 p 
942 |c BK 
945 |d 19981107 00:00:00  |a crobeson 
260 |a Barcelona  |b Molino  |c 1940 
650 0 |a Literatura española  |9 306261 
650 0 |a Ensayos españoles  |9 313128 
650 0 |a Poesías españolas  |9 265100 
583 |a last modification  |c 19981107 00:00:00  |k Rodrigo Vera 
490 0 |a Colección Literatura Clásica 
999 |c 277059  |d 277057 
952 |0 0  |1 0  |4 0  |6 860_000000000000000_LEO_1940  |7 0  |8 A  |9 314778  |a BIBEDU  |b BIBEDU  |d 2019-11-20  |i 1489259  |o 860 LEO 1940  |p 1489259  |r 2019-11-20  |w 2019-11-20  |y BK  |k LIT